Leadership roles and management functions in nursing : (Record no. 1823)

MARC details
000 -LEADER
fixed length control field 01869cam a22002414a 4500
020 ## - INTERNATIONAL STANDARD BOOK NUMBER
ISBN 078179594X (alk. paper)
050 00 - CALL NUMBER
Classification number RT89
Item number .M387
100 1# - AUTHOR
Personal name Marquis, Bessie L.
245 10 - TITLE
Title Leadership roles and management functions in nursing :
Remainder of title theory and application /
Statement of responsibility, etc Bessie L. Marquis, Carol J. Huston.
250 ## - EDITION
Edition statement 5th ed.
260 ## - PUBLICATION INFORMATION
Place of publication Philadelphia :
Name of publisher Lippincott Williams & Wilkins,
Year of publication c2006.
300 ## - DESCRIPTION
Number of Pages xix, 723 p. :
Other physical details ill. ;
Dimensions 23 cm.
505 0# - FORMATTED CONTENTS NOTE
Table of Content Decision making, problem solving, and critical thinking: requisites for successful leadership and management -- Introduction to management and management decision making -- Developing leadership -- Ethics, law, and advocacy -- Legal and legislative issues -- Patient, subordinate, and professional advocacy -- The planning hierarchy and strategic planning -- Planned change -- Time management -- Fiscal planning -- Career development -- Organizational structure -- Understanding organizational, political, and personal power -- Organizing patient care -- Preliminary staffing functions: employee recruitment, selection --
505 0# - FORMATTED CONTENTS NOTE
Table of Content Placement, and indoctrination -- Meeting staff socialization and educational needs for team building -- Staffing needs and scheduling policies -- Creating a motivating climate -- Organizational, interpersonal, and group communication -- Delegation -- Managing conflict -- Understanding collective bargaining, unionization, and employment laws -- Quality control -- Performance appraisal -- Problem employees: rule breakers, marginal employees, and the chemically or mentally impaired.
650 #0 - SUBJECTS
Topical Term Nursing services
General subdivision Administration.
650 #0 - SUBJECTS
Topical Term Leadership.
650 12 - SUBJECTS
Topical Term Leadership.
650 12 - SUBJECTS
Topical Term Nursing, Supervisory.
650 22 - SUBJECTS
Topical Term Nurse Administrators.
650 22 - SUBJECTS
Topical Term Nursing
General subdivision organization & administration.
700 1# - OTHER AUTHORS
Personal name Huston, Carol Jorgensen.
942 ## - ADDED ENTRY ELEMENTS (KOHA)
Koha item type Books
Holdings
Withdrawn status Lost status Home library Current library Shelving location Date acquired Full call number Accession Number Koha item type
    Methodist University Library Wenchi Nursing Methodist University Library Wenchi Nursing General Stacks 18/01/2018 RT89 .M387 37505 Books
    Methodist University Library Wenchi Nursing Methodist University Library Wenchi Nursing   24/09/2021 RT89 .M387 37504 Books
    Methodist University Library Wenchi Nursing Methodist University Library Wenchi Nursing   24/09/2021 RT89 .M387 37507 Books
    Methodist University Library Wenchi Nursing Methodist University Library Wenchi Nursing   24/09/2021 RT89 .M387 2986 Books
Copyright © 2026  MUG Library